| 000 | 01450nam a2200325Ia 4500 | ||
|---|---|---|---|
| 003 | OSt | ||
| 005 | 20240206220553.0 | ||
| 008 | 191128s2018 ck a gr 000 0dspa d | ||
| 020 | _a9789584266668 | ||
| 037 | _3Donación | ||
| 040 |
_aCO-JMCR _cCO-JMCR _dCO-JMCR _erda |
||
| 041 | 1 |
_aspa _heng |
|
| 082 | 0 | 4 |
_bC _2CAVc |
| 100 | 1 |
_aCavallo, Francesca, _eautora _910855 |
|
| 245 | 1 | 0 |
_aCuentos de buenas noches para niñas rebeldes 2 / _cFrancesca Cavallo y Elena Favilli ; traducción, Graciela Romero Saldaña ; investigación, Ariana Giorgia Bonazzi |
| 250 | _aPrimera edición | ||
| 260 |
_aBogotá : _bPlaneta, _c2018 |
||
| 300 |
_a212 páginas : _bilustraciones a color ; _c24 cm. |
||
| 500 | _aIncluye datos biográficos de los autores. | ||
| 520 | 3 | _aLa nueva entrega del betseller internacional que inspira a las niñas de todos los rincones del mundo a soñar en grande, aspirar a más y luchar con fuerza. Es una colección totalmente inédita de cuentos que celebran a más mujeres extraordinarias, como Rigobe | |
| 521 | _aInfantil | ||
| 546 | _atraducción del inglés | ||
| 650 | 1 | 4 |
_aMujeres _xliteratura juvenil _vbiografías _910856 |
| 650 | 1 | 4 |
_aMujeres _xcuentos _vbiografías _910857 |
| 650 | 2 | 4 |
_aBiografía de mujeres _910858 |
| 700 | 1 |
_aFavilli, Elena, _eautora _910859 |
|
| 700 | 1 |
_aRomero Saldaña, Graciela, _etraductora _910860 |
|
| 700 | 1 |
_aBonazzi, Ariana Giorgia, _einvestigadora _910861 |
|
| 942 |
_2ddc _cBK |
||
| 999 |
_c4492 _d4492 |
||